Tratado de obstetricia y ginecología / (Record no. 14961)

MARC details
000 -LEADER
campo de control de longitud fija 01020nam a2200289 i 4500
001 - NÚMERO DE CONTROL
campo de control 14961
003 - IDENTIFICADOR DE NÚMERO DE CONTROL
campo de control ES-MaACL
005 - FECHA Y HORA DE LA ÚLTIMA TRANSACCIÓN
campo de control 20250717094519.0
007 - CAMPO FIJO DE DESCRIPCIÓN FÍSICA--INFORMACIÓN GENERAL
campo de control de longitud fija t|
008 - DATOS DE LONGITUD FIJA--INFORMACIÓN GENERAL
campo de control de longitud fija 991122s1997 sp ||||1| spa d
020 ## - NÚMERO INTERNACIONAL ESTÁNDAR DEL LIBRO
Número Internacional Estándar del Libro 84-486-0174-2
020 ## - NÚMERO INTERNACIONAL ESTÁNDAR DEL LIBRO
Número Internacional Estándar del Libro 84-486-0195-5
080 ## - NÚMERO DE LA CLASIFICACIÓN DECIMAL UNIVERSAL
Número de la Clasificación Decimal Universal 618.1
080 ## - NÚMERO DE LA CLASIFICACIÓN DECIMAL UNIVERSAL
Número de la Clasificación Decimal Universal 618.2
245 00 - MENCIÓN DEL TÍTULO
Título Tratado de obstetricia y ginecología /
Mención de responsabilidad, etc. directores-editores, José Antonio Usandizaga Beguiristain, Pedro de la Fuente Pérez ; secretario de redacción, José María Escalante Salinas.
250 ## - MENCION DE EDICION
Mención de edición 1ª ed., 1ª reimp.
260 ## - PUBLICACIÓN, DISTRIBUCIÓN, ETC.
Lugar de publicación, distribución, etc. Madrid :
Nombre del editor, distribuidor, etc. McGraw-Hill, Interamericana de España,
Fecha de publicación, distribución, etc. 1997-1998.
300 ## - DESCRIPCIÓN FÍSICA
Extensión 2 v. :
Otras características físicas il. ;
Dimensiones 27 cm.
505 8# - NOTA DE CONTENIDO CON FORMATO
Nota de contenido con formato I. Obstetricia. II. Ginecología
650 14 - PUNTO DE ACCESO ADICIONAL DE MATERIA--TÉRMINO DE MATERIA
Término de materia o nombre geográfico como elemento de entrada Ginecología.
9 (RLIN) 13119
650 #7 - PUNTO DE ACCESO ADICIONAL DE MATERIA--TÉRMINO DE MATERIA
Término de materia o nombre geográfico como elemento de entrada Obstetricia
Fuente del encabezamiento o término embne
9 (RLIN) 15676
700 1# - ENTRADA AGREGADA--NOMBRE PERSONAL
Nombre de persona Usandizaga, José Antonio.
9 (RLIN) 112291
700 1# - ENTRADA AGREGADA--NOMBRE PERSONAL
Nombre de persona Fuente Pérez, Pedro de la.
9 (RLIN) 52874
700 1# - ENTRADA AGREGADA--NOMBRE PERSONAL
Nombre de persona Escalante Salinas, José María.
9 (RLIN) 47472
852 ## - LOCALIZACIÓN
Ubicación ES-MaACL
Número de control de estantería L-22114-15
Sublocalización o colección R.127451
Holdings
Estatus retirado Estado de pérdida Estado de daño No para préstamo Biblioteca de origen Biblioteca actual Ubicación en estantería Fecha de adquisición Fuente de adquisición Total de préstamos Signatura topográfica completa Código de barras Visto por última vez Precio de reemplazo Tipo de ítem Koha
        Biblioteca del Ateneo de Madrid Biblioteca del Ateneo de Madrid Depósito 2 17/01/2008     L-22114-15 1015212 23/02/2023 23/02/2023 Libro impreso